[Event "Groningen 2009 - Open A"]
[Site "Groningen NED"]
[Date "2009.12.21"]
[Round "1.1"]
[White "Baklan, Vladimir"]
[Black "Racherbaeumer, Marcel"]
[Result "1-0"]
[WhiteElo "2655"]
[BlackElo "2301"]
[PlyCount "67"]
[EventDate "2009.12.21"]
[EventType "swiss"]
[EventRounds "9"]
[EventCountry "NED"]
[Source "lmi"]
[SourceDate "2009.12.21"]

1. e4 c5 2. Nf3 e6 3. Nc3 Nc6 4. d4 cxd4 5. Nxd4 Qc7 6. g3 a6 7. Bg2 d6 8. O-O
Bd7 9. Nb3 b5 10. a3 Nf6 11. Kh1 Be7 12. f4 Rc8 13. Be3 O-O 14. g4 h6 15. Bf3
Nh7 16. Qd2 Rfd8 17. Qf2 Re8 18. Rad1 Nf8 19. h4 Bf6 20. Nb1 g6 21. c3 Rb8 22.
g5 hxg5 23. hxg5 Bg7 24. Qd2 d5 25. e5 Ne7 26. Nd4 a5 27. b3 Rec8 28. Rf2 Be8
29. Rh2 Nd7 30. Rh3 Nc6 31. Nxc6 Qxc6 32. Qh2 Qc7 33. Kg2 Nxe5 34. fxe5 1-0

[Event "Groningen 2009 - Open A"]
[Site "Groningen NED"]
[Date "2009.12.21"]
[Round "1.2"]
[White "Afek, Yochanan"]
[Black "Ernst, Sipke"]
[Result "1-0"]
[WhiteElo "2285"]
[BlackElo "2587"]
[PlyCount "83"]
[EventDate "2009.12.21"]
[EventType "swiss"]
[EventRounds "9"]
[EventCountry "NED"]
[Source "lmi"]
[SourceDate "2009.12.21"]

1. e4 c6 2. d4 d5 3. exd5 cxd5 4. Bd3 Nc6 5. c3 Qc7 6. Ne2 Bg4 7. O-O e6 8. Bf4
Bd6 9. Bxd6 Qxd6 10. Nd2 Nge7 11. Nb3 Bh5 12. Qd2 f6 13. f4 O-O 14. Rae1 Bf7
15. Rf3 b6 16. Rh3 Bg6 17. Nbc1 Be4 18. Ng3 f5 19. Bb5 Nd8 20. Qf2 Rf6 21. Be8
Rf8 22. Ba4 Rb8 23. Re3 b5 24. Bb3 b4 25. Nh5 Ng6 26. Reg3 Rf7 27. Nd3 bxc3 28.
bxc3 Bxd3 29. Rxd3 Nc6 30. Qe2 Na5 31. Rde3 Re7 32. Rhf3 Nxb3 33. axb3 Rxb3 34.
Rf1 Qc6 35. Qe1 Rb2 36. g4 fxg4 37. Qg3 Qa4 38. f5 Qa2 39. fxg6 hxg6 40. Nf4
Rf7 41. Rxe6 g5 42. Re8+ 1-0

[Event "Groningen 2009 - Open A"]
[Site "Groningen NED"]
[Date "2009.12.21"]
[Round "1.3"]
[White "Giri, Anish"]
[Black "Thompson, Ian D"]
[Result "1-0"]
[WhiteElo "2585"]
[BlackElo "2266"]
[PlyCount "131"]
[EventDate "2009.12.21"]
[EventType "swiss"]
[EventRounds "9"]
[EventCountry "NED"]
[Source "lmi"]
[SourceDate "2009.12.21"]

1. e4 e6 2. d4 d5 3. Nd2 Nf6 4. e5 Nfd7 5. Bd3 c5 6. c3 Nc6 7. Ne2 cxd4 8. cxd4
f6 9. exf6 Qxf6 10. Nf3 h6 11. O-O Bd6 12. Bd2 O-O 13. Bc3 Rd8 14. Ng3 Nf8 15.
Re1 Qf7 16. Qc2 Bd7 17. Rad1 Rac8 18. Qb1 Be8 19. Re3 Bf4 20. Re2 Bb8 21. Rde1
a6 22. a3 Qd7 23. h3 Bf7 24. Kh1 Qe8 25. Bd2 Ba7 26. Bc3 Rd7 27. b4 Re7 28. b5
axb5 29. Bxb5 Ng6 30. Re3 Qd8 31. a4 Bb8 32. Bb2 Bd6 33. Ba3 Bxa3 34. Rxa3 Na5
35. Qb4 b6 36. Bf1 Rc6 37. Rc3 Rxc3 38. Qxc3 Rc7 39. Qb4 Rc6 40. Kg1 Qc7 41.
Rb1 Nc4 42. Ne2 Be8 43. h4 Qe7 44. Qxe7 Nxe7 45. Nf4 Rd6 46. Ra1 Nc6 47. g3 Bf7
48. Re1 Nd8 49. Rc1 Rc6 50. Bxc4 Rxc4 51. Rb1 Rxa4 52. Rxb6 Ra8 53. Ne5 Rc8 54.
Rd6 Kf8 55. Kg2 Ke7 56. Rd7+ Kf6 57. Ng4+ Kf5 58. f3 h5 59. Ne5 Kf6 60. g4 hxg4
61. fxg4 Be8 62. Rd6 g5 63. hxg5+ Kxg5 64. Rxd8 Rc2+ 65. Kg3 Rc3+ 66. Nf3+ 1-0

[Event "Groningen 2009 - Open A"]
[Site "Groningen NED"]
[Date "2009.12.21"]
[Round "1.4"]
[White "Genova, Lyubka"]
[Black "Reinderman, Dimitri"]
[Result "0-1"]
[WhiteElo "2263"]
[BlackElo "2575"]
[PlyCount "64"]
[EventDate "2009.12.21"]
[EventType "swiss"]
[EventRounds "9"]
[EventCountry "NED"]
[Source "lmi"]
[SourceDate "2009.12.21"]

1. e4 c5 2. Nf3 d6 3. Bb5+ Nd7 4. d4 Ngf6 5. Nc3 a6 6. Bxd7+ Nxd7 7. d5 b5 8.
O-O g6 9. Bf4 Bg7 10. Qc1 O-O 11. Bh6 Nb6 12. Re1 e5 13. Bxg7 Kxg7 14. Nd2 f5
15. f3 Bd7 16. Ne2 f4 17. c4 g5 18. a3 Rc8 19. b3 Rf6 20. h3 h5 21. Kh2 g4 22.
g3 Rg6 23. Rg1 Qg5 24. Qc3 Kg8 25. Raf1 Rf8 26. Qc1 fxg3+ 27. Rxg3 h4 28. Rgg1
g3+ 29. Kg2 Qe3 30. Nc3 b4 31. axb4 cxb4 32. Qe1 Qxc3 0-1

[Event "Groningen 2009 - Open A"]
[Site "Groningen NED"]
[Date "2009.12.21"]
[Round "1.5"]
[White "Werle, Jan"]
[Black "Klein, David"]
[Result "1-0"]
[WhiteElo "2565"]
[BlackElo "2262"]
[PlyCount "101"]
[EventDate "2009.12.21"]
[EventType "swiss"]
[EventRounds "9"]
[EventCountry "NED"]
[Source "lmi"]
[SourceDate "2009.12.21"]

1. d4 Nf6 2. c4 g6 3. Nc3 Bg7 4. e4 d6 5. Nf3 O-O 6. Be2 e5 7. O-O Nc6 8. d5
Ne7 9. b4 Nh5 10. Re1 f5 11. Ng5 Nf6 12. Bf3 c6 13. Bb2 h6 14. Ne6 Bxe6 15.
dxe6 fxe4 16. Nxe4 Nxe4 17. Rxe4 d5 18. cxd5 cxd5 19. Rxe5 Bxe5 20. Bxe5 Rf5
21. Bb2 Qb6 22. Qd2 Kh7 23. Bg4 Rff8 24. Re1 Rac8 25. Bd4 Qc7 26. g3 Qc2 27.
Qe3 Nf5 28. Bxf5 Qxf5 29. Bxa7 Rfe8 30. Bc5 Rc7 31. Qe5 Qxe5 32. Rxe5 d4 33.
Bxd4 Rce7 34. Rb5 Ra8 35. Bc5 Rxe6 36. Rxb7+ Kg8 37. Ba7 Ra6 38. Be3 h5 39. Kg2
Rxa2 40. Kf3 Rf8+ 41. Ke4 Rfxf2 42. Bxf2 Rxf2 43. h4 Kf8 44. b5 Ke8 45. b6 Rb2
46. Ke5 Kd8 47. Rb8+ Kd7 48. Kf6 Rb3 49. Kxg6 Rxg3+ 50. Kxh5 Kc6 51. Kh6 1-0

[Event "Groningen 2009 - Open A"]
[Site "Groningen NED"]
[Date "2009.12.21"]
[Round "1.6"]
[White "Holm, Sejer"]
[Black "Nijboer, Friso"]
[Result "0-1"]
[WhiteElo "2256"]
[BlackElo "2561"]
[PlyCount "130"]
[EventDate "2009.12.21"]
[EventType "swiss"]
[EventRounds "9"]
[EventCountry "NED"]
[Source "lmi"]
[SourceDate "2009.12.21"]

1. Nf3 f5 2. d3 Nc6 3. e4 e5 4. Nc3 Nf6 5. exf5 d5 6. Bg5 Bb4 7. a3 Bxc3+ 8.
bxc3 h6 9. Bh4 Bxf5 10. d4 Qe7 11. Bxf6 Qxf6 12. dxe5 Nxe5 13. Qe2 Be4 14. Nxe5
Qxe5 15. Qe3 Qg5 16. Qxg5 hxg5 17. O-O-O g4 18. c4 O-O-O 19. cxd5 Bxd5 20. c4
Be6 21. Rxd8+ Kxd8 22. Kd2 Ke7 23. Ke3 Rh5 24. Be2 Re5+ 25. Kd2 b6 26. Rc1 Rh5
27. h3 Rf5 28. f3 gxh3 29. g4 Ra5 30. Rh1 Rxa3 31. Rxh3 Bf7 32. Rh7 g5 33. Rh6
Ra5 34. Kc3 Rc5 35. Kd4 a5 36. Rh1 Rc6 37. Bd3 Rd6+ 38. Kc3 Re6 39. Be4 Re5 40.
Rh7 Kf8 41. Kd4 Rc5 42. Bd5 Bxd5 43. cxd5 a4 44. Ke5 Kg8 45. Re7 c6 46. Kf6
Rxd5 47. Ra7 b5 48. f4 gxf4 49. Ra8+ Kh7 50. Ra7+ Kh6 51. Ra8 Rd6+ 52. Kf5 Rd7
53. Kxf4 Kg6 54. Rg8+ Kf7 55. Ra8 Rd4+ 56. Kg5 Rd6 57. Kf4 Rd3 58. g5 a3 59.
Ra7+ Kg6 60. Ra6 Rc3 61. Ra8 Rc4+ 62. Ke5 Ra4 63. Rg8+ Kf7 64. Rc8 a2 65. Rc7+
Kg6 0-1

[Event "Groningen 2009 - Open A"]
[Site "Groningen NED"]
[Date "2009.12.21"]
[Round "1.7"]
[White "Greenfeld, Alon"]
[Black "Haast, Anne"]
[Result "1-0"]
[WhiteElo "2559"]
[BlackElo "2251"]
[PlyCount "63"]
[EventDate "2009.12.21"]
[EventType "swiss"]
[EventRounds "9"]
[EventCountry "NED"]
[Source "lmi"]
[SourceDate "2009.12.21"]

1. Nf3 Nf6 2. c4 g6 3. g3 Bg7 4. Bg2 O-O 5. Nc3 d6 6. d4 Nbd7 7. O-O e5 8. h3
c6 9. e4 exd4 10. Nxd4 Qe7 11. Re1 a5 12. Bg5 h6 13. Be3 Nc5 14. Qc2 Re8 15.
Rad1 Nfd7 16. f4 Qf8 17. b3 Kh7 18. Kh2 Nb6 19. Qf2 Qh8 20. e5 dxe5 21. Nde2
exf4 22. Bxc5 fxg3+ 23. Nxg3 Rxe1 24. Rxe1 Be6 25. Rxe6 fxe6 26. Qf7 Qd8 27.
Qxb7 Nd7 28. Nce4 Rc8 29. Be7 Qxe7 30. Qxc8 Ne5 31. c5 h5 32. Qxe6 1-0

[Event "Groningen 2009 - Open A"]
[Site "Groningen NED"]
[Date "2009.12.21"]
[Round "1.8"]
[White "Lyell, Mark"]
[Black "Hoffmann, Michael"]
[Result "0-1"]
[WhiteElo "2245"]
[BlackElo "2509"]
[PlyCount "104"]
[EventDate "2009.12.21"]
[EventType "swiss"]
[EventRounds "9"]
[EventCountry "NED"]
[Source "lmi"]
[SourceDate "2009.12.21"]

1. e4 c5 2. Nc3 e6 3. f4 d5 4. Nf3 dxe4 5. Nxe4 Nc6 6. g3 Nf6 7. Nxf6+ Qxf6 8.
Bg2 Bd6 9. O-O O-O 10. d3 Bd7 11. Ng5 Qe7 12. Qh5 h6 13. Ne4 f5 14. Nxd6 Qxd6
15. Be3 Nb4 16. Rf2 Bc6 17. Bxc6 Qxc6 18. b3 Rae8 19. Bc1 b5 20. Bb2 c4 21.
dxc4 bxc4 22. Bd4 Kh7 23. a3 Nd5 24. Qf3 Rf7 25. Re1 a5 26. Rfe2 Rb7 27. bxc4
Qxc4 28. Qd3 Qxd3 29. cxd3 Rb3 30. Rxe6 Rd8 31. Bc5 Rxd3 32. Ra6 Rb8 33. Re2
Nc3 34. Rc2 Ne4 35. Rxa5 Rc8 36. Rc4 Rd5 37. Rxe4 fxe4 38. Bb4 Rxa5 39. Bxa5
Rc2 40. Bb6 Ra2 41. Bc5 Kg6 42. g4 Rc2 43. Bd4 Kf7 44. f5 Ra2 45. Bc5 g6 46.
fxg6+ Kxg6 47. h4 h5 48. g5 Kf5 49. Kf1 Kf4 50. Ke1 e3 51. g6 Kf3 52. Bd4 Rc2
0-1

[Event "Groningen 2009 - Open A"]
[Site "Groningen NED"]
[Date "2009.12.21"]
[Round "1.9"]
[White "Swinkels, Robin"]
[Black "Heemskerk, Wim"]
[Result "1-0"]
[WhiteElo "2500"]
[BlackElo "2236"]
[PlyCount "31"]
[EventDate "2009.12.21"]
[EventType "swiss"]
[EventRounds "9"]
[EventCountry "NED"]
[Source "lmi"]
[SourceDate "2009.12.21"]

1. c4 e6 2. g3 f5 3. Bg2 Nf6 4. d4 c6 5. Nh3 d6 6. Nc3 Be7 7. e4 e5 8. dxe5
dxe5 9. Qxd8+ Bxd8 10. O-O O-O 11. Re1 Na6 12. Be3 Ng4 13. Bg5 Be6 14. exf5
Bxc4 15. Re4 Nxf2 16. Nxf2 1-0

[Event "Groningen 2009 - Open A"]
[Site "Groningen NED"]
[Date "2009.12.21"]
[Round "1.10"]
[White "Grover, Sahaj"]
[Black "Danielian, Elina"]
[Result "0-1"]
[WhiteElo "2372"]
[BlackElo "2499"]
[PlyCount "72"]
[EventDate "2009.12.21"]
[EventType "swiss"]
[EventRounds "9"]
[EventCountry "NED"]
[Source "lmi"]
[SourceDate "2009.12.21"]

1. e4 e6 2. d4 d5 3. Nc3 Nf6 4. e5 Nfd7 5. f4 c5 6. Nf3 Nc6 7. Ne2 Qb6 8. c3 f6
9. g3 cxd4 10. cxd4 Bb4+ 11. Nc3 O-O 12. a3 Be7 13. Bh3 Kh8 14. Na4 Qc7 15. O-O
Nb6 16. Nc3 Bd7 17. Kg2 f5 18. g4 fxg4 19. Bxg4 Nd8 20. Ng5 h6 21. Qd3 hxg5 22.
fxg5 Kg8 23. g6 Be8 24. Bf4 Qc4 25. Qh3 Bxg6 26. Bxe6+ Nxe6 27. Qxe6+ Bf7 28.
Qxe7 Rae8 29. Qb4 Qd3 30. Rad1 Qg6+ 31. Bg3 Nc4 32. Rde1 Be6 33. Rxf8+ Rxf8 34.
Qb3 Qd3 35. Qd1 Ne3+ 36. Rxe3 Qxe3 0-1

[Event "Groningen 2009 - Open A"]
[Site "Groningen NED"]
[Date "2009.12.21"]
[Round "1.11"]
[White "Nyzhnyk, Illya"]
[Black "Pijpers, Arthur"]
[Result "1-0"]
[WhiteElo "2494"]
[BlackElo "2201"]
[PlyCount "79"]
[EventDate "2009.12.21"]
[EventType "swiss"]
[EventRounds "9"]
[EventCountry "NED"]
[Source "lmi"]
[SourceDate "2009.12.21"]

1. e4 c5 2. Nf3 d6 3. d4 cxd4 4. Nxd4 Nf6 5. f3 e5 6. Nb3 Be6 7. c4 Nc6 8. Nc3
Be7 9. Be3 O-O 10. Nd5 Nd7 11. Qd2 Nc5 12. Nxe7+ Qxe7 13. Rd1 Rfd8 14. Nc1 a5
15. b3 f6 16. Be2 Bf7 17. O-O Ne6 18. Bd3 Ncd4 19. Ne2 Nxe2+ 20. Bxe2 Qc7 21.
Rc1 Kh8 22. Rfd1 g5 23. Bf1 Bh5 24. Qf2 Nc5 25. h3 h6 26. Rd2 Qc6 27. Rcd1 Ne6
28. Bb6 Rd7 29. Rd5 Ra6 30. c5 Nd4 31. Bxa6 bxa6 32. R1xd4 exd4 33. Qxd4 dxc5
34. Bxc5 Be8 35. Bd6 Kg7 36. e5 Qc1+ 37. Kh2 Qf4+ 38. Qxf4 gxf4 39. e6 Rb7 40.
Bxf4 1-0

[Event "Groningen 2009 - Open A"]
[Site "Groningen NED"]
[Date "2009.12.21"]
[Round "1.12"]
[White "Jellema, Yme Jan"]
[Black "Meijers, Viesturs"]
[Result "0-1"]
[WhiteElo "2193"]
[BlackElo "2488"]
[PlyCount "80"]
[EventDate "2009.12.21"]
[EventType "swiss"]
[EventRounds "9"]
[EventCountry "NED"]
[Source "lmi"]
[SourceDate "2009.12.21"]

1. e4 c5 2. c3 d5 3. exd5 Qxd5 4. d4 Nf6 5. Nf3 e6 6. Be2 Nc6 7. O-O cxd4 8.
cxd4 Be7 9. Nc3 Qd6 10. Bg5 O-O 11. Qd2 Rd8 12. Rfd1 b6 13. Rac1 Bb7 14. a3
Rac8 15. b4 Nd5 16. Nxd5 Qxd5 17. Bf4 Bf6 18. Bc4 Qh5 19. Be2 Qd5 20. Bc4 Qd7
21. d5 exd5 22. Qxd5 Qe8 23. Qf5 Ne7 24. Rxd8 Qxd8 25. Qd3 Ng6 26. Qxd8+ Rxd8
27. Be3 Bb2 28. Rb1 Bxa3 29. Be2 Rc8 30. Nd4 Be4 31. Rb3 Bc1 32. Ba6 Bxe3 33.
Bxc8 Bxd4 34. b5 Bc5 35. Kf1 h5 36. f3 Bd5 37. Rc3 Ne5 38. f4 Bc4+ 39. Ke1 Bxb5
40. Kd2 Ng4 0-1

[Event "Groningen 2009 - Open A"]
[Site "Groningen NED"]
[Date "2009.12.21"]
[Round "1.13"]
[White "Brandenburg, Daan"]
[Black "Nabuurs, Joep"]
[Result "1/2-1/2"]
[WhiteElo "2481"]
[BlackElo "2191"]
[PlyCount "57"]
[EventDate "2009.12.21"]
[EventType "swiss"]
[EventRounds "9"]
[EventCountry "NED"]
[Source "lmi"]
[SourceDate "2009.12.21"]

1. e4 e5 2. Nf3 Nc6 3. Bc4 Nf6 4. Ng5 d5 5. exd5 b5 6. Bf1 h6 7. Nf3 Qxd5 8.
Nc3 Qe6 9. Bxb5 Bb7 10. O-O O-O-O 11. Re1 Qg4 12. h3 Qg6 13. Nh4 Qh7 14. Bd3
Rxd3 15. cxd3 g5 16. Nf3 g4 17. hxg4 Nxg4 18. Qa4 Qg7 19. Re4 Rg8 20. Rxg4 Qxg4
21. Qxg4+ Rxg4 22. Ne1 Bc5 23. Nd1 Ba6 24. b3 Nb4 25. Ne3 Rg5 26. Nc4 Rf5 27.
Ne3 Rg5 28. Nc4 Rf5 29. Ne3 1/2-1/2

[Event "Groningen 2009 - Open A"]
[Site "Groningen NED"]
[Date "2009.12.21"]
[Round "1.14"]
[White "Mostertman, Milan"]
[Black "Genov, Petar"]
[Result "0-1"]
[WhiteElo "2169"]
[BlackElo "2476"]
[PlyCount "46"]
[EventDate "2009.12.21"]
[EventType "swiss"]
[EventRounds "9"]
[EventCountry "NED"]
[Source "lmi"]
[SourceDate "2009.12.21"]

1. e4 c5 2. Nf3 d6 3. d4 cxd4 4. Nxd4 Nf6 5. Nc3 a6 6. Be2 e6 7. Be3 Nbd7 8. f4
b5 9. Bf3 Bb7 10. e5 Bxf3 11. Qxf3 dxe5 12. Nc6 Qc7 13. fxe5 Rc8 14. Na7 Nxe5
15. Qg3 Rd8 16. O-O Bc5 17. Kh1 Bxe3 18. Qxe3 Neg4 19. Qg3 Qxa7 20. Rxf6 Nxf6
21. Qxg7 Ke7 22. Rf1 Qd4 23. Ne4 Rhg8 0-1

[Event "Groningen 2009 - Open A"]
[Site "Groningen NED"]
[Date "2009.12.21"]
[Round "1.16"]
[White "Hertog ten, Hugo"]
[Black "Burg, Twan"]
[Result "0-1"]
[WhiteElo "2159"]
[BlackElo "2460"]
[PlyCount "76"]
[EventDate "2009.12.21"]
[EventType "swiss"]
[EventRounds "9"]
[EventCountry "NED"]
[Source "lmi"]
[SourceDate "2009.12.21"]

1. e4 c5 2. Nf3 d6 3. d4 cxd4 4. Nxd4 Nf6 5. Nc3 a6 6. Be3 e5 7. Nf3 Be7 8. Bc4
O-O 9. O-O Qc7 10. Bb3 Be6 11. Qd3 Rc8 12. Rfd1 Nbd7 13. Rac1 b5 14. h3 Rab8
15. Bxe6 fxe6 16. Nd2 Qc6 17. Bg5 Nc5 18. Qe3 h6 19. Bh4 g5 20. Bg3 b4 21. Ne2
Ncxe4 22. h4 Nxd2 23. Qxd2 Ne4 24. Qe3 Rf8 25. b3 Rbc8 26. Rd3 Nc5 27. Rdd1
gxh4 28. Qxh6 Rf7 29. Bxh4 Rh7 30. Qg6+ Rg7 31. Qxg7+ Kxg7 32. Bxe7 d5 33. f4
Qc7 34. Bh4 Rh8 35. Bf2 Ne4 36. Be3 d4 37. Nxd4 exd4 38. Bxd4+ Nf6 0-1

[Event "Groningen 2009 - Open A"]
[Site "Groningen NED"]
[Date "2009.12.21"]
[Round "1.17"]
[White "Podzielny, Karl-Heinz"]
[Black "Cako, Laszlo"]
[Result "1-0"]
[WhiteElo "2456"]
[BlackElo "2155"]
[PlyCount "85"]
[EventDate "2009.12.21"]
[EventType "swiss"]
[EventRounds "9"]
[EventCountry "NED"]
[Source "lmi"]
[SourceDate "2009.12.21"]

1. d4 Nf6 2. Nf3 e6 3. g3 d5 4. Bg2 Be7 5. O-O O-O 6. c4 c6 7. Qc2 b6 8. b3 Ba6
9. Bb2 Nbd7 10. Rd1 Rc8 11. Nc3 dxc4 12. e4 Qc7 13. h4 h6 14. Bh3 Rfd8 15. Qe2
b5 16. bxc4 bxc4 17. Rac1 Rb8 18. Ba1 Bb4 19. Qe3 Re8 20. g4 e5 21. g5 hxg5 22.
hxg5 Nh5 23. Bg4 g6 24. Bxh5 gxh5 25. Ne2 Bd6 26. g6 fxg6 27. Qh6 Nf8 28. dxe5
Ba3 29. Rc3 Bb2 30. Bxb2 Rxb2 31. Nf4 Re7 32. Rd6 Qb6 33. Re3 Rg7 34. Nd5 cxd5
35. Rxb6 Rxb6 36. exd5 c3 37. Rxc3 Bb7 38. Rc5 Rb4 39. e6 Re4 40. Ng5 Rb4 41.
Kf1 Rd4 42. Qxg7+ Kxg7 43. e7 1-0

[Event "Groningen 2009 - Open A"]
[Site "Groningen NED"]
[Date "2009.12.21"]
[Round "1.18"]
[White "Efroimski, Marsel"]
[Black "Popilski, Gil"]
[Result "0-1"]
[WhiteElo "2150"]
[BlackElo "2441"]
[PlyCount "98"]
[EventDate "2009.12.21"]
[EventType "swiss"]
[EventRounds "9"]
[EventCountry "NED"]
[Source "lmi"]
[SourceDate "2009.12.21"]

1. e4 c5 2. Nf3 e6 3. d4 cxd4 4. Nxd4 a6 5. Bd3 Bc5 6. Nb3 Be7 7. Be3 d6 8.
N1d2 Nd7 9. Qe2 Qc7 10. f4 b6 11. a4 Bb7 12. a5 b5 13. c4 b4 14. O-O Ngf6 15.
Rfc1 Nc5 16. Bxc5 dxc5 17. e5 Nd7 18. Be4 O-O-O 19. Rd1 g5 20. fxg5 Bxg5 21.
Bxb7+ Kxb7 22. Ne4 Be7 23. Qf2 Nxe5 24. Nexc5+ Ka8 25. Nxa6 Qc6 26. Qb6 Qxb6+
27. axb6 Kb7 28. Rxd8 Rxd8 29. Ra4 Rd1+ 30. Kf2 Rb1 31. Ra2 Nxc4 32. Nac5+
Bxc5+ 33. Nxc5+ Kxb6 34. Nd3 Kb5 35. Ke2 e5 36. Ra8 e4 37. Rb8+ Nb6 38. Nf4 Kc6
39. Ke3 f5 40. Rf8 Nc4+ 41. Kd4 Nd6 42. Ke5 Rxb2 43. Nd5 Rd2 44. Nxb4+ Kc5 45.
Na6+ Kb5 46. Nc7+ Kc6 47. Ne8 e3 48. Nxd6 e2 49. Rc8+ Kd7 0-1

[Event "Groningen 2009 - Open A"]
[Site "Groningen NED"]
[Date "2009.12.21"]
[Round "1.19"]
[White "Kantans, Toms"]
[Black "Caspi, Israel"]
[Result "1/2-1/2"]
[WhiteElo "2281"]
[BlackElo "2423"]
[PlyCount "20"]
[EventDate "2009.12.21"]
[EventType "swiss"]
[EventRounds "9"]
[EventCountry "NED"]
[Source "lmi"]
[SourceDate "2009.12.21"]

1. d4 d5 2. c4 e5 3. dxe5 d4 4. Nf3 Nc6 5. g3 Nge7 6. Bg2 Ng6 7. Bg5 Qd7 8. e6
fxe6 9. O-O e5 10. Bc1 Be7 1/2-1/2

[Event "Groningen 2009 - Open A"]
[Site "Groningen NED"]
[Date "2009.12.21"]
[Round "1.20"]
[White "Pruijssers, Roeland"]
[Black "Groenewold, Jan Joris"]
[Result "1-0"]
[WhiteElo "2413"]
[BlackElo "2145"]
[PlyCount "71"]
[EventDate "2009.12.21"]
[EventType "swiss"]
[EventRounds "9"]
[EventCountry "NED"]
[Source "lmi"]
[SourceDate "2009.12.21"]

1. e4 e5 2. Nf3 d6 3. d4 exd4 4. Nxd4 Nf6 5. Nc3 Be7 6. g3 O-O 7. Bg2 Re8 8.
O-O Bf8 9. b3 Nc6 10. Nxc6 bxc6 11. Bb2 Rb8 12. Re1 Bd7 13. h3 Qc8 14. Kh2 h6
15. f4 d5 16. e5 Nh7 17. Qd4 Qa6 18. Na4 Rb4 19. Qf2 c5 20. Nxc5 Qb6 21. Nd3
Qxf2 22. Nxf2 Be6 23. Nd3 Rbb8 24. g4 c6 25. f5 Bc8 26. Rac1 Rd8 27. Bd4 a5 28.
a4 h5 29. Re3 hxg4 30. hxg4 Ng5 31. Kg3 Ba6 32. Kf4 Ne4 33. Bxe4 dxe4 34. Kxe4
Bxd3+ 35. Rxd3 c5 36. Bc3 1-0

[Event "Groningen 2009 - Open A"]
[Site "Groningen NED"]
[Date "2009.12.21"]
[Round "1.21"]
[White "Donker, Roel"]
[Black "Berkovich, Mark A"]
[Result "1-0"]
[WhiteElo "2140"]
[BlackElo "2406"]
[PlyCount "221"]
[EventDate "2009.12.21"]
[EventType "swiss"]
[EventRounds "9"]
[EventCountry "NED"]
[Source "lmi"]
[SourceDate "2009.12.21"]

1. d4 Nf6 2. c4 e6 3. Nc3 Bb4 4. e3 Nc6 5. Bd3 e5 6. Nge2 d5 7. O-O dxc4 8.
Bxc4 O-O 9. a3 Bd6 10. d5 Ne7 11. e4 Ng6 12. Ng3 a6 13. f3 b5 14. Bb3 Bc5+ 15.
Kh1 Bd7 16. Nf5 Nh5 17. Be3 Bxe3 18. Nxe3 Qg5 19. Qd2 c5 20. dxc6 Bxc6 21. Rad1
Nhf4 22. g3 Ne6 23. Nf5 Rad8 24. Qxg5 Nxg5 25. h4 Rxd1 26. Bxd1 Ne6 27. h5 Re8
28. hxg6 hxg6 29. Ne3 Nd4 30. Ned5 Kf8 31. Kg2 f5 32. Rh1 Kf7 33. Ne2 Bxd5 34.
exd5 Nxe2 35. Bxe2 Rc8 36. Bd3 Rc5 37. Rd1 Ke7 38. Bb1 Kd6 39. Kf2 b4 40. axb4
Rb5 41. Rd2 Rxb4 42. g4 fxg4 43. Bxg6 gxf3 44. Kxf3 Rb3+ 45. Ke2 a5 46. Bf7 g5
47. Be6 a4 48. Rc2 e4 49. Rc4 Rxb2+ 50. Ke3 a3 51. Kxe4 Re2+ 52. Kf3 a2 53.
Rc6+ Ke5 54. Ra6 Rd2 55. Ke3 Rb2 56. Kf3 Rd2 57. Kg4 Rg2+ 58. Kh5 g4 59. Kh4
Kf4 60. Ra4+ Ke5 61. Ra6 Kd4 62. Ra4+ Ke5 63. Kg5 Rd2 64. Kh4 Rg2 65. Bxg4 Rd2
66. Ra6 Kxd5 67. Be6+ Ke5 68. Bxa2 Kf4 69. Ra4+ Ke5 70. Kg3 Rd3+ 71. Kf2 Rd4
72. Bc4 Kf4 73. Ke2 Ke5 74. Ra5+ Kd6 75. Bd3 Rd5 76. Ra6+ Kc5 77. Ke3 Rd8 78.
Ra5+ Kb6 79. Re5 Rd6 80. Ke4 Kc6 81. Re7 Rd8 82. Bc2 Kd6 83. Ra7 Rc8 84. Bb3
Kc5 85. Rd7 Re8+ 86. Kd3 Re5 87. Bc4 Rg5 88. Kc3 Rg3+ 89. Bd3 Rg5 90. Rd4 Rg8
91. Rh4 Rg5 92. Ra4 Re5 93. Ra1 Re7 94. Ra5+ Kd6 95. Kd4 Re1 96. Ra6+ Kc7 97.
Be4 Kd7 98. Rf6 Ke7 99. Rh6 Rd1+ 100. Ke5 Rd2 101. Bd5 Rd1 102. Re6+ Kf8 103.
Kd6 Kg7 104. Ke5 Re1+ 105. Be4 Ra1 106. Re7+ Kf8 107. Rc7 Ra6 108. Bf5 Kg8 109.
Be6+ Kh8 110. Kf6 Ra8 111. Kg6 1-0

[Event "Groningen 2009 - Open A"]
[Site "Groningen NED"]
[Date "2009.12.21"]
[Round "1.22"]
[White "Kleijn, Christov"]
[Black "Theulings, Paul-Peter"]
[Result "1-0"]
[WhiteElo "2383"]
[BlackElo "2135"]
[PlyCount "51"]
[EventDate "2009.12.21"]
[EventType "swiss"]
[EventRounds "9"]
[EventCountry "NED"]
[Source "lmi"]
[SourceDate "2009.12.21"]

1. e4 Nf6 2. e5 Nd5 3. Nf3 d6 4. Bc4 Nb6 5. Bb3 c5 6. c3 c4 7. Bc2 Nc6 8. Qe2
dxe5 9. Nxe5 Nxe5 10. Qxe5 Qd6 11. Qxd6 exd6 12. O-O Be6 13. d4 Be7 14. Re1
O-O-O 15. a4 a5 16. Na3 Rhe8 17. Bxh7 Nxa4 18. Nxc4 Bxc4 19. Rxa4 d5 20. Bf5+
Kc7 21. Rxa5 Bg5 22. Be3 g6 23. Bc2 f5 24. Raa1 Bf6 25. g3 Ra8 26. Kg2 1-0

[Event "Groningen 2009 - Open A"]
[Site "Groningen NED"]
[Date "2009.12.21"]
[Round "1.22"]
[White "Potze, Rudolf"]
[Black "Poetsch, Hagen"]
[Result "1/2-1/2"]
[WhiteElo "2132"]
[BlackElo "2361"]
[PlyCount "87"]
[EventDate "2009.12.21"]
[EventType "swiss"]
[EventRounds "9"]
[EventCountry "NED"]
[Source "lmi"]
[SourceDate "2009.12.21"]

1. e4 d5 2. exd5 Qxd5 3. Nc3 Qa5 4. d4 Nf6 5. Nf3 Bg4 6. Be2 Nc6 7. h3 Bh5 8.
Bb5 e6 9. O-O Bb4 10. Qd3 Bxc3 11. Bxc6+ bxc6 12. bxc3 Bg6 13. Qc4 Qd5 14. Qa4
Be4 15. c4 Qd7 16. Ng5 Bg6 17. Ba3 c5 18. Qa6 cxd4 19. Rad1 Rd8 20. Rfe1 c6 21.
Bc5 Qc7 22. Nxe6 fxe6 23. Rxe6+ Kf7 24. Re7+ Qxe7 25. Bxe7 Kxe7 26. Qxa7+ Rd7
27. Qc5+ Kf7 28. Rxd4 Rxd4 29. Qxd4 Bxc2 30. Qb2 Bf5 31. g4 Be6 32. Qb7+ Nd7
33. Qxc6 Rb8 34. Qf3+ Kg8 35. Qe4 Nc5 36. Qe5 Rc8 37. Qd4 Na4 38. f4 h6 39. f5
Bf7 40. Qd7 Rxc4 41. Qd8+ Kh7 42. Qd7 Kg8 43. Qd8+ Kh7 44. Qd7 1/2-1/2

[Event "Groningen 2009 - Open A"]
[Site "Groningen NED"]
[Date "2009.12.21"]
[Round "1.24"]
[White "Saravanan, Venkatachalam"]
[Black "Hirth, Ulrich"]
[Result "1-0"]
[WhiteElo "2356"]
[BlackElo "2108"]
[PlyCount "75"]
[EventDate "2009.12.21"]
[EventType "swiss"]
[EventRounds "9"]
[EventCountry "NED"]
[Source "lmi"]
[SourceDate "2009.12.21"]

1. Nf3 g6 2. c4 Bg7 3. e4 c5 4. d4 Nc6 5. d5 Nd4 6. Nxd4 cxd4 7. Bd3 e5 8. O-O
d6 9. Nd2 Nf6 10. b4 a5 11. bxa5 Nd7 12. Nb3 Qc7 13. Bd2 Nc5 14. Nxc5 dxc5 15.
Rb1 O-O 16. Rb6 Ra6 17. Qb3 Rd8 18. Rb1 Bf8 19. Bc2 f5 20. Qf3 f4 21. Ba4 Qf7
22. Qb3 g5 23. Rxb7 Bxb7 24. Qxb7 Qxb7 25. Rxb7 Bd6 26. Bb5 Raa8 27. Kf1 Bb8
28. a6 Ra7 29. Ba5 Rf8 30. Bb6 Rxb7 31. axb7 Bd6 32. f3 g4 33. a4 gxf3 34. gxf3
Rf7 35. Bxc5 Bb8 36. Bc6 Rg7 37. d6 d3 38. d7 1-0